| 000 | 00662cam a22002291 4500 | ||
|---|---|---|---|
| 001 | 6897406 | ||
| 005 | 20180215045228.0 | ||
| 008 | 761201s1936 enk b 000 0 eng | ||
| 010 | _a 36035374 | ||
| 035 | _a(OCoLC)2589186 | ||
| 040 |
_aDLC _cNAlfC _dDLC |
||
| 041 | _aeng | ||
| 042 | _apremarc | ||
| 080 | _a621.101 KEE | ||
| 082 | _a621.101 KEE | ||
| 100 | 1 | _a27 | |
| 101 | _aIM | ||
| 245 | 1 | 0 |
_aThermodynamic properties of steam, _cby Joesph H. Keenan ... and Frederick G. Keyes ... |
| 504 | _aBibliography: p. 25-26. | ||
| 906 |
_a7 _bcbc _coclcrpl _du _encip _f19 _gy-gencatlg |
||
| 942 |
_2ddc _cBK |
||
| 999 |
_c42619 _d42619 |
||